Tilastot visalle Varsinais-suomen kunnat

Klikkaa tästä pelataksesi tätä visaa!

Yleistilastot

  • Tätä visaa on pelattu 708 kertaa
  • Keskiarvotulos 18 / 27

Vastaustilastot

VäkilukuKunta/Kaupunki% Oikein
192 794Turku
99%
19 373Naantali
89%
51 778Salo
87%
24 263Raisio
84%
34 294Kaarina
82%
3 931Aura
79%
20 062Lieto
77%
9 542Masku
75%
15 470Uusikaupunki
75%
15 094Parainen
71%
15 834Loimaa
70%
942Kustavi
67%
8 545Laitila
66%
10 902Paimio
66%
6 324Rusko
65%
7 643Mynämäki
62%
4 710Nousiainen
62%
6 658Kemiönsaari
60%
2 316Vehmaa
59%
8 688Somero
57%
2 301Koski Tl
56%
1 660Taivassalo
55%
2 935Sauvo
52%
2 027Marttila
51%
1 345Oripää
51%
8 276Pöytyä
51%
1 998Pyhäranta
47%

Tulosjakauma

Persentiili vastausten määrän mukaan

Jokaisen tuloksen saaneiden osuus

Tuloshistoriasi

Et ole pelannut tätä visaa